00443nam a2200193Ia 4500003000900000008004100009040001300050040001300063041000800076100002300084245005300107250001100160260001400171260000900185300001100194300001000205490002800215490000600243IT-RoPAU120407s9999 xx 000 0 und d aIT-RoPAU cIT-RoPAU aita aAdalbert G. Hamman aLa vita quotidiana nell’Africa di S. Agostino. aMilano aJaca Book c1989 a362 p. c25 cm aGià e non ancora, 170 v1